[Event "Portoroz op 10th"]
[Site "Portoroz"]
[Date "2016.07.28"]
[Round "7"]
[White "Savoia, Serge"]
[Black "Kassebaum, Leon Maximilian"]
[Result "1/2-1/2"]
[WhiteElo "1776"]
[BlackElo "2000"]
[PlyCount "129"]
[EventDate "2016.07.23"]
[EventType "swiss"]
[EventRounds "9"]
[EventCountry "SLO"]
[SourceTitle "CBM 173 Extra"]
[Source "ChessBase"]
[SourceDate "2016.08.29"]
[SourceVersion "1"]
[SourceVersionDate "2016.08.29"]
[SourceQuality "1"]

1. e4 c5 2. d4 cxd4 3. c3 Nf6 4. e5 Nd5 5. cxd4 g6 6. Nf3 Bg7 7. Bc4 Nb6 8. Bb3 0-0 9. Nc3 d6 10. exd6 Qxd6 11. 0-0 Nc6 12. Ne4 Qc7 13. h3 Bf5 14. Ng3 Bd7 15. Re1 Qd6 16. Ne4 Qc7 17. Be3 Bf5 18. Ng3 Qd7 19. Nxf5 Qxf5 20. g4 Qd7 21. d5 Nb4 22. Bxb6 axb6 23. Ne5 Qd6 24. Nc4 Qc5 25. d6 exd6 26. a3 Nc6 27. Rc1 Rad8 28. Ne3 Qd4 29. Rc2 Qxd1 30. Rxd1 Nd4 31. Rxd4 Bxd4 32. Nd5 Rfe8 33. Rd2 Re1+ 34. Kg2 Bg7 35. Nxb6 Rb1 36. Nc4 d5 37. Ba4 Ra8 38. Bc2 Rc1 39. Nb6 Rd8 40. Be4 d4 41. b4 Rc3 42. a4 d3 43. a5 Bh6 44. Rd1 d2 45. Bxb7 Rc1 46. Bf3 Rd3 47. b5 Bg7 48. Na8 Rd5 49. b6 Rxa5 50. Rxd2 Be5 51. b7 Rca1 52. Rd8+ Kg7 53. Bd5 Rc1 54. Kf3 Ra3+ 55. Ke2 Rb1 56. Rd7 Rb2+ 57. Kf1 Bg3 58. Rxf7+ Kh6 59. Kg2 Bb8 60. h4 g5 61. h5 Rg3+ 62. Kf1 Rb1+ 63. Ke2 Rb2+ 64. Kf1 Rb1+ 65. Ke2 1/2-1/2

[Event "Portoroz op 10th"]
[Site "Portoroz"]
[Date "2016.07.25"]
[Round "4"]
[White "Kassebaum, Leon Maximilian"]
[Black "Petauer, Ana Marija"]
[Result "1-0"]
[WhiteElo "2000"]
[BlackElo "1492"]
[PlyCount "58"]
[EventDate "2016.07.23"]
[EventType "swiss"]
[EventRounds "9"]
[EventCountry "SLO"]
[SourceTitle "CBM 173 Extra"]
[Source "ChessBase"]
[SourceDate "2016.08.29"]
[SourceVersion "1"]
[SourceVersionDate "2016.08.29"]
[SourceQuality "1"]

1. Nf3 Nf6 2. g3 g6 3. Bg2 Bg7 4. 0-0 0-0 5. c4 Nc6 6. d4 d5 7. Nc3 dxc4 8. Qa4 Bf5 9. Qxc4 e6 10. Bg5 h6 11. Bf4 g5 12. Be3 a6 13. Rfd1 Qd7 14. Ne5 Qe8 15. Nxc6 bxc6 16. Bxc6 Qe7 17. d5 Nxd5 18. Nxd5 exd5 19. Bxd5 Rfd8 20. Bc5 Qe5 21. Bxa8 Rxa8 22. Bd4 Qe4 23. f3 Bxd4+ 24. Qxd4 Qxe2 25. Qd5 Qe3+ 26. Kh1 Rb8 27. Qxf5 Rxb2 28. Qf6 Rd2 29. Rxd2 Qxd2 1-0

[Event "Portoroz op 10th"]
[Site "Portoroz"]
[Date "2016.07.23"]
[Round "1"]
[White "Meglic, Jaka"]
[Black "Kassebaum, Leon Maximilian"]
[Result "1-0"]
[WhiteElo "1943"]
[BlackElo "2000"]
[PlyCount "99"]
[EventDate "2016.07.23"]
[EventType "swiss"]
[EventRounds "9"]
[EventCountry "SLO"]
[SourceTitle "CBM 173 Extra"]
[Source "ChessBase"]
[SourceDate "2016.08.29"]
[SourceVersion "1"]
[SourceVersionDate "2016.08.29"]
[SourceQuality "1"]

1. e4 c5 2. Nf3 g6 3. d4 cxd4 4. Nxd4 Bg7 5. Nc3 Nc6 6. Be3 Nf6 7. Bc4 0-0 8. Bb3 Qa5 9. 0-0 d6 10. f3 Qh5 11. Qd2 Rd8 12. Rad1 Bd7 13. Nd5 e6 14. Nf4 Qe5 15. Nd3 Qh5 16. Nf4 Qe5 17. Nfe2 Qh5 18. Ng3 Qa5 19. Nxc6 Qxd2 20. Ne7+ Kf8 21. Nxg6+ hxg6 22. Rxd2 Bc6 23. Rfd1 d5 24. c4 dxc4 25. Rxd8+ Rxd8 26. Rxd8+ Ke7 27. Rd2 cxb3 28. axb3 a6 29. Ne2 Nd7 30. Nd4 Nb8 31. Nxc6+ Nxc6 32. Bb6 Bh6 33. Rd1 Bg7 34. Kf2 Bxb2 35. Ke3 e5 36. h4 Ba3 37. g4 Ke6 38. Kd3 Be7 39. Rh1 Bf8 40. Kc4 Bh6 41. h5 g5 42. Rd1 Bf8 43. Rb1 f6 44. b4 Bh6 45. Rd1 Bg7 46. Bc5 b5+ 47. Kc3 Nd4 48. Bxd4 exd4+ 49. Rxd4 Ke5 50. Rd7 1-0